00897cam a2200253 a 45000010008000000030004000080050017000120080041000290100017000700200015000870400030001020500025001320820016001571000035001732450034002082500018002422600037002603000021002976500033003186550030003518560097003818560075004788560090005531636364OSt20151008084837.0961002s1996 nyu 000 1 eng  a 96039154  a0679446486 aDLCcDLCdDLCdOCoLCdDLC00aPS3553.R48bA77 199600a813/.542211 aCrichton, Michael,d1942-2008.10aAirframe /cMichael Crichton. a1st trade ed. aNew York :bAlfred Knopf,c1996. a351 p. ;c25 cm. 0aAircraft accidentsxFiction. 7aAdventure stories.2gsafd423Contributor biographical informationuhttp://www.loc.gov/catdir/bios/random057/96039154.html413Sample textuhttp://www.loc.gov/catdir/samples/random044/96039154.html423Publisher descriptionuhttp://www.loc.gov/catdir/description/random0410/96039154.html